000 00586nam a22001697a 4500
008 150911b xxu||||| |||| 00| 0 eng d
020 _a9780324014150
050 _aHF 5718 .O38 2001
100 _aO'Hair, H Dan
_d2001
245 _aBusiness Communication
_bA Framework for Success.
_cH. Dan O'Hair
260 _aAustralia
_bSouth-Western
_c2001
300 _axxviii,665p;ill
_bIncludes bibliographical references and index
650 _aBusiness Communication
700 _aO'Rourke, James S.
700 _aO'Hair, Mary John
942 _2lcc
_cBOOKS
_hHF 5718 .O38 2001
_01
999 _c5625
_d5625